000
00200nam a22000977a 4500
008
210707s2003 xx 000 0 und d
041
_a
eng
082
_a
052 DEEK
245
_a
Deeksha
260
_c
2003
999
_c
179726
_d
179726